Simon Says - Statistics

General Stats
  • This quiz has been taken 343 times
    327 since last reset
  • The average score is 44 of 63
Answer Stats
Hint Answer % Correct
Simon Says Bop It Bop It
99%
Simon Says Bop It Bop It
97%
Simon Says Twist It Twist It
97%
Simon Says Twist It Twist It
90%
Simon Says Repeat Bop It
89%
Simon Says Flick It Flick It
87%
Simon Says Flick It Flick It
87%
Simon Says Flick It Flick It
87%
Grab It You Didn’t Say Simon Says
87%
Actually Bop It You Didn’t Say Simon Says
87%
Simon Says Flick It Flick It
86%
Simon Says Flick It Flick It
86%
Simon Says Flick It Flick It
86%
Simon Says Twist It Twist It
84%
Simon Says Twist It Twist It
83%
Flick It (last time) You Didn’t Say Simon Says
83%
Bop It You Didn’t Say Simon Says
83%
Simon Says Twist It Twist It
82%
Now Bop It You Didn’t Say Simon Says
82%
Simon Says Twist It Twist It
81%
Shaman Sez Flick It You Didn’t Say Simon Says
81%
Twist It You Didn’t Say Simon Says
81%
Flick It You Didn’t Say Simon Says
80%
Simon Says Bop It Bop It
79%
Flick It You Didn’t Say Simon Says
79%
Singer Says Flick It You Didn’t Say Simon Says
79%
Simon Says Twist It Twist It
77%
Simon Says Flick It Flick It
76%
Simon Says Flick It Flick It
76%
Siman Sez Bop It You Didn’t Say Simon Says
76%
Simon Says Bop It Bop It
75%
Simon Says Flick It Flick It
75%
Simon Says Repeat It Flick It
74%
Bop It You Didn’t Say Simon Says
74%
Simon Says Bop It Bop It
73%
5imon 5ays Twist It You Didn’t Say Simon Says
72%
And Bop It You Didn’t Say Simon Says
72%
Bop It Twice You Didn’t Say Simon Says
72%
Simon Says Bop It Bop It
71%
Simon Says Flick It Flick It
71%
Seaman Says Bop It You Didn’t Say Simon Says
71%
Simon Says Twist It Twist It
70%
Simon Says Flick It Flick It
69%
Simon Says Bop It Bop It
66%
Simon Says Bop It Bop It
66%
Simon Says Flick It Flick It
66%
Simone Sez Bop It You Didn’t Say Simon Says
64%
Simon Says Repeat You Didn’t Say Simon Says
60%
Simon Says Twist It Twice Twist It
56%
Seaman Says Flick It You Didn’t Say Simon Says
55%
Simon Says Flick It Flick It
54%
Twist It
53%
Repeat It You Didn’t Say Simon Says
53%
Simon Says Twist It Twist It
51%
Simon Says Bop It Bop It
50%
Ramones Say Bop It You Didn’t Say Simon Says
46%
Simon Says Bop It Twice Bop It
39%
Bop It
39%
Simon Says Twist It Twist It
37%
Simon Says Flick It Flick It
36%
Simon Says Repeat Bop It
32%
Simon Says Bop It Bop It
31%
Simian Says Bop It You Didn’t Say Simon Says
24%
No matching quizzes found
Score Distribution
Percent of People with Each Score
Percentile by Number Answered
Your Score History
You have not taken this quiz since the last reset